000 02612apm a2200421 4500
999 _c112904
_d112904
003 BJBSDDR
005 20230411090128.0
007 ta
008 190627s2008 vau||||| |||| 00| 0 eng d
020 _a1598034774
020 _a9781598034776
040 _bspa
_cBJBSDDR
041 _aeng
050 _aLB 14.6
_bM478u 2008
082 _a370
100 1 _aMcWhorter, John
_q(John Hamilton),
_d1965-
130 _aThe Great Courses
245 1 0 _aUnderstanding linguistics :
_bthe science of language /
_cJohn McWhorter
246 3 0 _aScience of language
260 _aChantilly, Virginia :
_bThe Teaching Company,
_c2008.
300 _a6 videodiscs (approximately 18 hr.) :
_bsound, color ;
_c4 3/4 in. +
_e1 course guidebook (iv, 205 pages ; 19 cm).
440 _aGreat courses (DVD).
_pSocial sciences.
490 _aThe Great courses
500 _aCourse No. 2270 Part 2 contains lectures 13-24 of set.
505 _a Part 1: Disc 1. Lecture 1. What is linguistics? ; Lecture 2. Sounds of language, consonants ; Lecture 3. Other sounds, vowels ; Lecture 4. In the head versus on the lips ; Lecture 5. How to make a word ; Lecture 6. Chomskyan Revolution -- Disc 2. Lecture 7. Deep structure and surface structure ; Lecture 8. On-off switches of grammar ; Lecture 9. Shades of meaning semantic roles ; Lecture 10. From sentence to storytelling ; Lecture 11. Language on its way to becoming a new one ; Lecture 12. Recovering languages of the past. Part 2: Disc 3. Lecture 13. Where grammar comes from ; Lecture 14. Language change from old English to now ; Lecture 15. What is an impossible language ; Lecture 16. How children learn to speak ; Lecture 17. How we learn language as adults ; Lecture 18. How you talk and how they talk -- Disc 4. Lecture 19. How class defines speech ; Lecture 20. Speaking differently, changing the language ; Lecture 21. Language and gender ; Lecture 22. Languages sharing the world -- bilingualism ; Lecture 23. Languages sharing a sentence -- code-switching ; Lecture 24. The rules of conversation,
520 _aPresents lectures (each 30 minutes in length) by John McWhorter, Senior Fellow at the Manhattan Institute, based on his courses in Linguistics.
650 0 _96087
_aEducation.
650 0 _96088
_aTeaching.
650 4 _91877
_aEducación
650 4 _96089
_aEnseñanza
650 4 _96308
_aLingüística
650 4 _95034
_aLenguaje y lenguas
_xEnseñanza
650 4 _96309
_aLinguística histórica
710 2 _96101
_aTeaching Company
730 2 _aThe Great Courses
_96091
830 _aThe Great Courses
_96091
942 _2lcc
_cBK